000 01398nam a2200325 i 4500
003 EG-GICUC
005 20260121101743.0
008 260119s2008 ua ||||fr|||| 00| 0 ara d
017 _a٢٠٠٨/١٥٩٥
020 _a972-328-339-5
040 _a EG-GICUC
_bara
_c EG-GICUC
_d EG-GICUC
_erda
041 0 _aara
082 0 4 _221
_a345.6
_bم ح . ج
092 0 4 _221
099 _aLaw1 07 345.6 م ح . ج 2008
100 0 _aمحمد أبو ضيف باشا خليل
_eمؤلف.
245 1 0 _aجماعات الضغط وتأثيرها على القرارات الإدارية والدولية :
_bماهيتها - أنواعها - عوامل تكوينها - مشروعيتها - أهميتها /
_cالمستشار الدكتور محمد أبو ضيف باشا خليل.
264 1 _aالإسكندرية :
_bدار الجامعة الجديدة،
_c2008.
300 _a370 صفحة؛
_c24 سم.
336 _2rda content
_atext
337 _2rda media
_aComputer
338 _2rda carrier
_aOnline Resource
504 _aيشتمل على إرجاعات ببليوجرافية.
546 _aالنص أغلبه باللغة العربية مع بعض النصوص الفرنسية
650 1 4 _aالقرارت الإدارية
650 1 4 _aالقانون الإداري
856 4 0 _uhttps://fll.law.cu.edu.eg/fulltext/bks/B07-02128.pdf
905 _a32
942 _2ddc
_cBK
_e21
_n0
999 _c57947
_d57947